| 000 | 00506nam a2200181Ia 4500 | ||
|---|---|---|---|
| 005 | 20250923144321.0 | ||
| 008 | 008 250917s9999 xx 000 0 eng d | ||
| 037 | _aTextual | ||
| 040 |
_aDSWL _beng _cDSWL |
||
| 041 |
_aeng _2eng |
||
| 084 | _qDSWL | ||
| 100 |
_aMayo, Elton _9823605 |
||
| 245 | 0 |
_aSocial problems of an industrial civilization _cby Elton Mayo |
|
| 260 |
_aLondon _bRoutledge and Kegan Paul _c1949 |
||
| 300 | _a148 p. | ||
| 942 | _cTEXL | ||
| 999 |
_c1437379 _d1437379 |
||